000 00704nam a2200241Ia 4500
005 20260121112920.0
008 9812 260114s9999 xx 000 0 eng d
020 _a9789812816153
037 _aEBOOK
040 _aCRL
_beng
_cCRL
041 _aeng
_2eng
084 _qCRL
100 _aPedrycz W, Peters J
_9965247
245 0 _aComputational Intelligence in Software Engineering, Advances in Fuzzy Systems: Applications and Theory
260 _bWorld Scientific
260 _bWSPC
260 _c1998
650 _aComputer Science
_9965248
856 _uhttps://www.worldscientific.com/worldscibooks/10.1142/3821#t=toc
942 _cEBOOK
999 _c1547112
_d1547112